Thiếu Sơn toàn tập 2 tập T.1

Sparad:
Bibliografiska uppgifter
Huvudupphovsman: Thiếu Sơn
Övriga upphovsmän: Lê Quang Hưng (Sưu tầm, tuyển chọn)
Materialtyp: Bok
Språk:Vietnamese
Publicerad: H. Văn học 2003
Ämnen:
Taggar: Lägg till en tagg
Inga taggar, Lägg till första taggen!
Thư viện lưu trữ: Mạng thư viện Đại học Đà Nẵng
LEADER 01295nam a2200397 4500
001 000005669
003 1815
005 20120413140443.0
008 110818s2003 viesd
020 |c 0đ 
041 0 |a vie 
082 |a 895.9228  |b TH-S 
100 0 |a Thiếu Sơn 
245 1 0 |a Thiếu Sơn toàn tập  |b 2 tập  |c Lê Quang Hưng sưu tầm, tuyển chọn  |n T.1 
260 |a H.  |b Văn học  |c 2003 
300 |a 735 tr.  |c 20 cm. 
653 |a Nhà văn 
653 |a Thiếu Sơn 
653 |a Việt Nam 
653 |a Phê bình văn học 
653 |a Nghiên cứu văn học 
653 |a Lí luận văn học 
700 |a Lê Quang Hưng 
700 |a Lê Quang Hưng  |e Sưu tầm, tuyển chọn 
773 |t Thiếu Sơn toàn tập  |w 1814 
910 |a Huỳnh Thị Cẩm Lai  |d 18/08/2011 
OWN |a LSP 
AVA |a UDN50  |b LSP  |d 895.9228 TH-S  |e available  |t Error 5001 Not defined in file expand_doc_bib_avail.  |f 3  |g 0  |h N  |i 0  |k 1 
999 |a From the UDN01 
AVA |a UDN50  |b LSP  |d 895.9228 TH-S  |e available  |t Error 5001 Not defined in file expand_doc_bib_avail.  |f 3  |g 0  |h N  |i 0  |k 1 
TYP |a Monograph 
TYP |a Printed language 
980 |a Mạng thư viện Đại học Đà Nẵng